| 000 | 00583nam a2200181 i 4500 | ||
|---|---|---|---|
| 001 | 90042 | ||
| 003 | ES-MaACL | ||
| 005 | 20240510063059.0 | ||
| 007 | t| | ||
| 008 | 050117s1966 sp ||||1| spa d | ||
| 100 | 1 |
_aLázaro Carreter, Fernando, _d1923-2004 _970798 |
|
| 245 | 1 | 0 |
_aEstilo barroco y personalidad creadora _b: Góngora, Quevedo, Lope de Vega / _cFernando Lázaro. |
| 260 |
_aSalamanca, etc. : _bAnaya, _c[1966] |
||
| 300 |
_a200 p. ; _c19 cm. |
||
| 852 |
_aES-MaACL _jC-31342 _bR.61816 |
||
| 852 |
_aES-MaACL _jC-32188 _bR.62685 |
||
| 999 |
_c90042 _d90042 |
||